| 000 | 01102cam a22003134a 4500 | ||
|---|---|---|---|
| 001 | 12308458 | ||
| 003 | OSt | ||
| 005 | 20140310182723.0 | ||
| 008 | 010213s2001 caua 001 0 eng | ||
| 010 | _a 2001087587 | ||
| 020 | _a0782129145 | ||
| 040 |
_aDLC _cDLC _dDLC |
||
| 042 | _apcc | ||
| 050 | 0 | 0 |
_aTK 5105.5 _b.N46687 2001 |
| 245 | 0 | 0 | _aNetworking complete / |
| 250 | _a2nd ed. | ||
| 260 |
_aSan Francisco : _bSybex, _c2001. |
||
| 300 |
_a877 p. : _bill. ; _c21 cm. |
||
| 500 | _aIncludes index. | ||
| 521 | _aIT | ||
| 562 | _eFor Circulation 1 Copy in the collection. | ||
| 650 | 0 | _aComputer networks. | |
| 856 | 4 | 1 |
_3Table of contents only _uhttp://www.loc.gov/catdir/enhancements/fy0611/2001087587-t.html |
| 856 | 4 | 2 |
_3Publisher description _uhttp://www.loc.gov/catdir/enhancements/fy0611/2001087587-d.html |
| 906 |
_a7 _bcbc _corignew _d2 _eepcn _f20 _gy-gencatlg |
||
| 942 |
_2lcc _cBK _kFOR |
||
| 999 |
_c15364 _d15364 |
||